[Event "PPA"]
[Site "?"]
[Date "2014.06.21"]
[Round "2.3"]
[White "Somyk, Marcin"]
[Black "Bieszczad, Michal"]
[Result "1-0"]
[LiveChessVersion "1.4.2"]
[BlackElo "1477"]
[WhiteElo "1965"]

1. e4 {[%clk 1:00:56]} e5 {[%clk 1:00:59]} 2. Nc3 {[%clk 1:00:58]} Bc5
{[%clk 1:01:06]} 3. g3 {[%clk 0:58:49]} Nc6 {[%clk 1:01:06]} 4. Bg2
{[%clk 0:59:09]} d6 {[%clk 1:00:33]} 5. Nge2 {[%clk 0:59:22]} Nge7
{[%clk 0:59:52]} 6. O-O {[%clk 0:59:28]} O-O {[%clk 0:57:53]} 7. d3
{[%clk 0:58:43]} f5 {[%clk 0:57:03]} 8. Nd5 {[%clk 0:51:51]} Nxd5
{[%clk 0:56:33]} 9. exd5 {[%clk 0:52:10]} Ne7 {[%clk 0:56:04]} 10. Bg5
{[%clk 0:45:40]} h6 {[%clk 0:56:05]} 11. Bxe7 {[%clk 0:41:07]} Qxe7
{[%clk 0:56:33]} 12. d4 {[%clk 0:41:27]} Bxd4 {[%clk 0:52:12]} 13. Nxd4
{[%clk 0:41:06]} exd4 {[%clk 0:52:39]} 14. Qxd4 {[%clk 0:40:51]} Qf6
{[%clk 0:53:06]} 15. Qxf6 {[%clk 0:40:02]} Rxf6 {[%clk 0:53:35]} 16. Rfe1
{[%clk 0:38:44]} Bd7 {[%clk 0:53:06]} 17. f4 {[%clk 0:34:30]} Rf7
{[%clk 0:47:54]} 18. Kf2 {[%clk 0:29:44]} Kf8 {[%clk 0:47:16]} 19. Ke3
{[%clk 0:27:37]} Re8+ {[%clk 0:45:58]} 20. Kd4 {[%clk 0:27:27]} Rfe7
{[%clk 0:46:07]} 21. Rxe7 {[%clk 0:27:25]} Rxe7 {[%clk 0:46:35]} 22. Bf3
{[%clk 0:27:24]} Kf7 {[%clk 0:46:05]} 23. b4 {[%clk 0:26:11]} Ba4
{[%clk 0:44:09]} 24. Rc1 {[%clk 0:25:49]} g5 {[%clk 0:41:50]} 25. h3
{[%clk 0:24:36]} Kf6 {[%clk 0:38:27]} 26. c4 {[%clk 0:24:19]} Bd7
{[%clk 0:35:46]} 27. c5 {[%clk 0:22:10]} g4 {[%clk 0:36:01]} 28. hxg4
{[%clk 0:21:31]} fxg4 {[%clk 0:36:28]} 29. Be4 {[%clk 0:20:41]} Bf5
{[%clk 0:35:08]} 30. Bd3 {[%clk 0:13:16]} Bxd3 {[%clk 0:34:09]} 31. Kxd3
{[%clk 0:13:30]} Kf5 {[%clk 0:34:08]} 32. cxd6 {[%clk 0:13:37]} cxd6
{[%clk 0:34:36]} 33. Rc8 {[%clk 0:13:07]} h5 {[%clk 0:31:16]} 34. Rf8+
{[%clk 0:10:11]} Kg6 {[%clk 0:30:57]} 35. Rd8 {[%clk 0:08:27]} h4
{[%clk 0:27:40]} 36. Rg8+ {[%clk 0:05:23]} Rg7 {[%clk 0:18:24]} 37. f5+
{[%clk 0:05:16]} Kf6 {[%clk 0:17:36]} 38. Rxg7 {[%clk 0:05:21]} Kxg7
{[%clk 0:17:49]} 39. gxh4 {[%clk 0:05:47]} Kf6 {[%clk 0:16:59]} 40. Ke4
{[%clk 0:05:43]} g3 {[%clk 0:16:39]} 41. Kf3 {[%clk 0:06:12]} g2 {[%clk 0:16:11]}
42. Kxg2 {[%clk 0:06:35]} Kxf5 43. Kf3 Ke5 {[%clk 0:13:27]} 44. h5
{[%clk 0:06:18]} Kf5 {[%clk 0:13:52]} 45. a4 {[%clk 0:06:06]} Kg5
{[%clk 0:11:00]} 46. Ke4 {[%clk 0:06:15]} Kxh5 1-0

[Event "PPA"]
[Site "?"]
[Date "2014.06.21"]
[Round "2.7"]
[White "Krupa, Jerzy"]
[Black "Czyz, Artur"]
[Result "0-1"]
[LiveChessVersion "1.4.2"]
[BlackElo "1992"]
[WhiteElo "1851"]

1. d4 {[%clk 0:57:24]} Nf6 {[%clk 0:59:39]} 2. c4 {[%clk 0:57:43]} g6
{[%clk 0:57:11]} 3. Nc3 {[%clk 0:57:51]} Bg7 {[%clk 0:57:32]} 4. Bg5
{[%clk 0:57:43]} O-O {[%clk 0:57:06]} 5. e3 {[%clk 0:57:34]} c5 {[%clk 0:56:01]}
6. Bd3 {[%clk 0:56:04]} cxd4 {[%clk 0:54:09]} 7. exd4 {[%clk 0:56:31]} Qb6
{[%clk 0:53:21]} 8. Nge2 {[%clk 0:55:56]} Nc6 {[%clk 0:49:11]} 9. c5
{[%clk 0:44:37]} Qxb2 {[%clk 0:46:13]} 10. Rb1 {[%clk 0:44:56]} Qa3
{[%clk 0:46:11]} 11. Rb3 {[%clk 0:38:25]} Qa5 {[%clk 0:46:12]} 12. Rb5
{[%clk 0:37:33]} Qd8 {[%clk 0:44:39]} 13. d5 {[%clk 0:34:43]} Ne5
{[%clk 0:42:14]} 14. d6 {[%clk 0:33:54]} exd6 {[%clk 0:38:23]} 15. cxd6
{[%clk 0:33:54]} Nxd3+ {[%clk 0:37:45]} 16. Qxd3 {[%clk 0:34:22]} b6
{[%clk 0:38:08]} 17. Qf3 {[%clk 0:32:11]} Ba6 {[%clk 0:38:01]} 18. Rb4
{[%clk 0:19:02]} h6 {[%clk 0:37:08]} 19. Bh4 {[%clk 0:16:35]} g5 {[%clk 0:36:26]}
20. Bg3 {[%clk 0:16:39]} Re8 {[%clk 0:34:21]} 21. O-O {[%clk 0:15:57]} g4
{[%clk 0:33:37]} 22. Rxg4 {[%clk 0:14:03]} Nxg4 {[%clk 0:34:02]} 23. Qxg4
{[%clk 0:14:28]} Qg5 {[%clk 0:33:27]} 24. Qf3 {[%clk 0:09:56]} Bxc3
{[%clk 0:32:23]} 25. Nxc3 {[%clk 0:10:24]} Bxf1 {[%clk 0:32:26]} 26. Nd5
{[%clk 0:10:52]} Re1 {[%clk 0:28:31]} 27. Ne7+ {[%clk 0:11:02]} Qxe7
{[%clk 0:25:59]} 28. Qxa8+ {[%clk 0:10:38]} Qf8 {[%clk 0:25:55]} 29. Qxf8+
{[%clk 0:09:40]} Kxf8 {[%clk 0:26:20]} 30. f3 {[%clk 0:10:07]} Rb1
{[%clk 0:26:21]} 0-1

[Event "PPA"]
[Site "?"]
[Date "2014.06.21"]
[Round "2.8"]
[White "Bes, Michal"]
[Black "Ulanicka, Aleksandra"]
[Result "1-0"]
[LiveChessVersion "1.4.2"]
[BlackElo "1409"]
[WhiteElo "1961"]

1. d4 {[%clk 1:00:58]} d5 {[%clk 1:00:53]} 2. c4 {[%clk 1:01:20]} dxc4
{[%clk 1:00:45]} 3. e3 {[%clk 1:01:10]} Nf6 {[%clk 1:00:23]} 4. Nc3
{[%clk 1:01:20]} Bf5 {[%clk 0:58:57]} 5. Nf3 {[%clk 1:01:20]} e6 {[%clk 0:58:44]}
6. Bxc4 {[%clk 1:01:44]} Be7 {[%clk 0:58:31]} 7. O-O {[%clk 1:02:08]} O-O
{[%clk 0:58:51]} 8. Nh4 {[%clk 1:02:05]} Bg4 {[%clk 0:55:56]} 9. f3
{[%clk 1:01:20]} Nfd7 {[%clk 0:49:06]} 10. fxg4 {[%clk 0:58:22]} Bxh4
{[%clk 0:49:24]} 11. Bd2 {[%clk 0:58:20]} Nb6 {[%clk 0:48:52]} 12. Bd3
{[%clk 0:55:33]} Nd5 {[%clk 0:47:45]} 13. Qf3 {[%clk 0:52:56]} c6
{[%clk 0:45:06]} 14. Rad1 {[%clk 0:45:21]} Nd7 {[%clk 0:41:56]} 15. e4
{[%clk 0:44:32]} Nb4 {[%clk 0:39:46]} 16. Bb1 {[%clk 0:44:49]} Nb6
{[%clk 0:37:49]} 17. a3 {[%clk 0:44:16]} Na6 {[%clk 0:34:27]} 18. Bc1
{[%clk 0:44:13]} Bg5 {[%clk 0:32:35]} 19. Bxg5 {[%clk 0:41:40]} Qxg5
{[%clk 0:32:48]} 20. e5 {[%clk 0:41:46]} Nc4 {[%clk 0:31:19]} 21. Bxh7+
{[%clk 0:38:12]} Kxh7 {[%clk 0:31:13]} 22. Qd3+ {[%clk 0:38:31]} g6
{[%clk 0:30:27]} 23. Qxc4 {[%clk 0:38:45]} Qxg4 {[%clk 0:30:48]} 24. g3
{[%clk 0:34:49]} Kg7 {[%clk 0:30:26]} 25. Rf4 {[%clk 0:35:00]} Qh5
{[%clk 0:29:55]} 26. Qf1 {[%clk 0:34:19]} Rad8 {[%clk 0:29:11]} 27. Ne4
{[%clk 0:28:56]} c5 {[%clk 0:26:11]} 28. g4 {[%clk 0:12:43]} Qh6 {[%clk 0:23:02]}
29. Rd3 {[%clk 0:12:20]} Rxd4 {[%clk 0:22:11]} 30. Rxd4 {[%clk 0:08:26]} cxd4
{[%clk 0:22:10]} 31. Nd6 {[%clk 0:08:52]} Kg8 {[%clk 0:20:45]} 32. Nxf7
{[%clk 0:07:53]} Qg7 {[%clk 0:21:13]} 33. Ng5 {[%clk 0:07:59]} Nc5
{[%clk 0:18:06]} 34. b4 {[%clk 0:05:53]} Rxf4 {[%clk 0:17:45]} 35. Qxf4
{[%clk 0:06:16]} Nd3 {[%clk 0:17:30]} 36. Qxd4 {[%clk 0:06:05]} Nxe5
{[%clk 0:17:22]} 37. Kg2 {[%clk 0:03:09]} Nc6 {[%clk 0:17:04]} 38. Qxg7+
{[%clk 0:03:15]} Kxg7 {[%clk 0:17:32]} 39. Nxe6+ {[%clk 0:03:44]} Kf6
{[%clk 0:18:02]} 40. Nc5 {[%clk 0:04:08]} b6 {[%clk 0:17:59]} 41. Nd3
{[%clk 0:04:37]} Nd4 {[%clk 0:16:32]} 42. a4 {[%clk 0:03:47]} Kg5
{[%clk 0:16:33]} 43. h3 {[%clk 0:03:53]} Nc2 {[%clk 0:16:18]} 44. Kg3
{[%clk 0:04:11]} Nd4 {[%clk 0:16:32]} 45. h4+ {[%clk 0:04:35]} Kf6
{[%clk 0:16:55]} 46. Kf4 {[%clk 0:04:45]} Ne2+ {[%clk 0:17:12]} 47. Ke3
{[%clk 0:03:02]} Nc3 {[%clk 0:17:40]} 48. a5 {[%clk 0:03:15]} Nd5+
{[%clk 0:17:15]} 49. Kd4 {[%clk 0:03:33]} Ke6 {[%clk 0:16:58]} 50. axb6
{[%clk 0:01:23]} axb6 {[%clk 0:17:27]} 51. Kc4 {[%clk 0:01:34]} Kd6
{[%clk 0:17:06]} 52. g5 {[%clk 0:01:40]} Ne3+ {[%clk 0:16:56]} 53. Kb5
{[%clk 0:01:58]} Kc7 {[%clk 0:17:26]} 54. Ne5 {[%clk 0:02:08]} Nf5
{[%clk 0:17:27]} 55. Nxg6 {[%clk 0:02:23]} Nd4+ {[%clk 0:17:55]} 56. Kc4
{[%clk 0:02:42]} Nf3 {[%clk 0:18:24]} 57. Kd5 {[%clk 0:02:59]} Kb7
{[%clk 0:18:39]} 58. Kd6 {[%clk 0:01:46]} Ka6 {[%clk 0:18:50]} 59. Kc7
{[%clk 0:01:29]} Kb5 {[%clk 0:17:37]} 60. Kb7 {[%clk 0:01:53]} Nd4
{[%clk 0:16:00]} 61. Ne5 {[%clk 0:02:11]} Ne6 {[%clk 0:15:42]} 62. g6
{[%clk 0:02:09]} Nd8+ {[%clk 0:16:11]} 63. Kc7 {[%clk 0:01:43]} Ne6+
{[%clk 0:16:40]} 64. Kd6 {[%clk 0:01:59]} Ng7 {[%clk 0:17:08]} 65. Nd7
{[%clk 0:01:10]} Kxb4 {[%clk 0:16:26]} 66. Nxb6 {[%clk 0:01:24]} Kb5
{[%clk 0:16:55]} 67. Nd7 {[%clk 0:01:35]} Kc4 {[%clk 0:17:10]} 68. Ke5
{[%clk 0:01:57]} Kd3 {[%clk 0:17:21]} 69. Nf6 {[%clk 0:02:19]} Ke4+ 70. Kxe4 1-0

[Event "PPA"]
[Site "?"]
[Date "2014.06.21"]
[Round "2.9"]
[White "Gabuza, Anatolii"]
[Black "Rossienik, Wieslaw"]
[Result "1/2-1/2"]
[LiveChessVersion "1.4.2"]
[BlackElo "1498"]
[WhiteElo "1616"]

1. b3 {[%clk 0:57:05]} Nf6 {[%clk 1:00:54]} 2. Bb2 {[%clk 0:57:34]} e6
{[%clk 1:01:04]} 3. e3 {[%clk 0:57:56]} d5 {[%clk 1:01:05]} 4. f4
{[%clk 0:57:55]} Be7 {[%clk 0:59:31]} 5. Nf3 {[%clk 0:58:01]} Nbd7
{[%clk 0:57:57]} 6. Nc3 {[%clk 0:56:57]} O-O {[%clk 0:56:50]} 7. Be2
{[%clk 0:53:45]} b6 {[%clk 0:55:41]} 8. d3 {[%clk 0:49:29]} a5 {[%clk 0:49:46]}
9. Qd2 {[%clk 0:47:27]} Ba6 {[%clk 0:47:46]} 10. O-O {[%clk 0:41:49]} Bc5
{[%clk 0:45:09]} 11. a3 {[%clk 0:33:58]} Ng4 {[%clk 0:41:07]} 12. Nd1
{[%clk 0:33:33]} Ngf6 {[%clk 0:40:49]} 13. Kh1 {[%clk 0:31:46]} Be7
{[%clk 0:39:00]} 14. Nf2 {[%clk 0:30:58]} c5 {[%clk 0:38:38]} 15. e4
{[%clk 0:24:09]} dxe4 {[%clk 0:36:01]} 16. dxe4 {[%clk 0:21:54]} Bxe2
{[%clk 0:35:36]} 17. Qxe2 {[%clk 0:22:22]} Qc7 {[%clk 0:35:31]} 18. g3
{[%clk 0:21:01]} Qc6 {[%clk 0:33:53]} 19. c4 {[%clk 0:18:29]} Rab8
{[%clk 0:32:21]} 20. a4 {[%clk 0:18:33]} Ne8 {[%clk 0:28:35]} 21. Rad1
{[%clk 0:17:15]} Bf6 {[%clk 0:27:58]} 22. e5 {[%clk 0:14:14]} Be7
{[%clk 0:28:18]} 23. Rd3 {[%clk 0:12:59]} Nc7 {[%clk 0:27:22]} 24. Rfd1
{[%clk 0:09:24]} Rfd8 {[%clk 0:26:57]} 25. Ne4 {[%clk 0:08:01]} Nf8
{[%clk 0:25:22]} 26. Kg1 {[%clk 0:06:55]} Rxd3 {[%clk 0:25:20]} 27. Rxd3
{[%clk 0:07:23]} Rd8 {[%clk 0:25:22]} 28. Rxd8 {[%clk 0:05:21]} Bxd8
{[%clk 0:25:49]} 29. Qd3 {[%clk 0:05:32]} Qd7 {[%clk 0:23:20]} 30. Qxd7
{[%clk 0:04:25]} Nxd7 {[%clk 0:23:48]} 31. Kf2 {[%clk 0:04:42]} Na6
{[%clk 0:23:40]} 32. Bc3 {[%clk 0:03:59]} Nb4 {[%clk 0:21:15]} 33. Bxb4
{[%clk 0:04:26]} axb4 {[%clk 0:19:50]} 34. Nfd2 {[%clk 0:04:12]} Nb8
{[%clk 0:19:38]} 35. Ke3 {[%clk 0:03:39]} Nc6 {[%clk 0:19:57]} 36. Nd6
{[%clk 0:03:50]} Nd4 {[%clk 0:19:44]} 37. Nb5 {[%clk 0:04:00]} Nc6
{[%clk 0:19:11]} 38. Ke4 {[%clk 0:03:46]} Kf8 {[%clk 0:19:24]} 39. g4
{[%clk 0:03:53]} Na5 {[%clk 0:17:17]} 40. Kd3 {[%clk 0:03:57]} Nc6
{[%clk 0:15:54]} 41. Nf3 {[%clk 0:04:24]} Na5 {[%clk 0:15:47]} 42. Nd2
{[%clk 0:04:23]} Nc6 {[%clk 0:15:33]} 43. Nf3 {[%clk 0:04:20]} Na5
{[%clk 0:15:14]} 1/2-1/2

[Event "PPA"]
[Site "?"]
[Date "2014.06.21"]
[Round "2.10"]
[White "Zydorczak, Marek"]
[Black "Rozumek, Krzysztof"]
[Result "0-1"]
[LiveChessVersion "1.4.2"]
[BlackElo "1943"]
[WhiteElo "1558"]

1. e4 {[%clk 0:55:56]} c6 {[%clk 1:00:59]} 2. d4 {[%clk 0:56:04]} d5
{[%clk 1:01:27]} 3. Nc3 {[%clk 0:56:00]} dxe4 {[%clk 1:01:55]} 4. Nxe4
{[%clk 0:56:09]} Nf6 {[%clk 1:02:22]} 5. Nxf6+ {[%clk 0:55:10]} exf6
{[%clk 1:02:50]} 6. Bc4 {[%clk 0:54:59]} Bd6 {[%clk 1:03:06]} 7. Nf3
{[%clk 0:54:32]} O-O {[%clk 1:03:30]} 8. O-O {[%clk 0:54:44]} Bg4
{[%clk 1:02:40]} 9. h3 {[%clk 0:54:35]} Bh5 {[%clk 1:03:07]} 10. Qd3
{[%clk 0:54:26]} Bg6 {[%clk 1:03:03]} 11. Qb3 {[%clk 0:48:29]} Qc7
{[%clk 1:02:57]} 12. Bd2 {[%clk 0:47:07]} a5 {[%clk 1:03:09]} 13. a4
{[%clk 0:46:37]} Nd7 {[%clk 1:03:09]} 14. Qc3 {[%clk 0:45:13]} Bb4
{[%clk 1:02:55]} 15. Qb3 {[%clk 0:40:40]} b5 {[%clk 1:01:33]} 16. axb5
{[%clk 0:36:05]} cxb5 {[%clk 1:02:02]} 17. Bd3 {[%clk 0:33:13]} Bxd3
{[%clk 0:58:32]} 18. Qxd3 {[%clk 0:33:14]} Qc4 {[%clk 0:58:35]} 19. Qxc4
{[%clk 0:31:42]} bxc4 {[%clk 0:59:03]} 20. c3 {[%clk 0:31:42]} Bd6
{[%clk 0:59:12]} 21. Rfe1 {[%clk 0:27:54]} Rfb8 {[%clk 0:58:57]} 22. Reb1
{[%clk 0:26:42]} Rb5 {[%clk 0:54:42]} 23. Ra4 {[%clk 0:26:00]} Nb6
{[%clk 0:55:09]} 24. Ra2 {[%clk 0:25:51]} Kf8 {[%clk 0:51:38]} 25. Be3
{[%clk 0:25:03]} Nd5 {[%clk 0:52:06]} 26. Nd2 {[%clk 0:24:05]} Bc7
{[%clk 0:50:49]} 27. Nxc4 {[%clk 0:23:52]} Nxc3 {[%clk 0:51:06]} 28. bxc3
{[%clk 0:23:40]} Rxb1+ {[%clk 0:51:33]} 0-1

[Event "PPA"]
[Site "?"]
[Date "2014.06.21"]
[Round "3.1"]
[White "Zminda, Bogdan"]
[Black "Dobosz, Kamil"]
[Result "1-0"]
[LiveChessVersion "1.4.2"]
[BlackElo "1807"]
[WhiteElo "1969"]

1. e4 {[%clk 1:00:59]} c6 {[%clk 1:00:53]} 2. d4 {[%clk 0:59:59]} d5
{[%clk 1:00:32]} 3. Nc3 {[%clk 0:59:10]} dxe4 {[%clk 0:59:57]} 4. Nxe4
{[%clk 0:59:28]} Bf5 {[%clk 1:00:14]} 5. Ng3 {[%clk 0:57:57]} Bg6
{[%clk 1:00:29]} 6. Nf3 {[%clk 0:57:30]} Nd7 {[%clk 0:59:29]} 7. Nh4
{[%clk 0:49:01]} e6 {[%clk 0:55:04]} 8. Nxg6 {[%clk 0:48:54]} hxg6
{[%clk 0:55:23]} 9. Ne4 {[%clk 0:44:49]} Rh4 {[%clk 0:51:10]} 10. Bd3
{[%clk 0:40:16]} Be7 {[%clk 0:46:26]} 11. g3 {[%clk 0:38:58]} Rh5
{[%clk 0:45:37]} 12. Be2 {[%clk 0:36:19]} Rh8 {[%clk 0:37:29]} 13. Bf4
{[%clk 0:30:45]} Qa5+ {[%clk 0:33:53]} 14. c3 {[%clk 0:30:44]} g5
{[%clk 0:31:35]} 15. Be3 {[%clk 0:22:29]} Rd8 {[%clk 0:24:22]} 16. Qb3
{[%clk 0:18:26]} b6 {[%clk 0:21:14]} 17. O-O-O {[%clk 0:17:32]} Qf5
{[%clk 0:20:06]} 18. Bd3 {[%clk 0:17:22]} Qg4 {[%clk 0:18:35]} 19. Qa4
{[%clk 0:16:26]} f5 {[%clk 0:17:03]} 20. h3 {[%clk 0:15:43]} Rxh3
{[%clk 0:16:33]} 21. Rxh3 {[%clk 0:15:49]} fxe4 {[%clk 0:16:46]} 22. Bf1
{[%clk 0:14:51]} Ne5 {[%clk 0:12:59]} 23. dxe5 {[%clk 0:14:32]} b5
{[%clk 0:10:23]} 24. Rxd8+ Bxd8 {[%clk 0:10:27]} 25. Qxa7 {[%clk 0:14:11]} Qf5
{[%clk 0:09:18]} 26. Rh8 {[%clk 0:13:19]} Qf7 {[%clk 0:06:17]} 27. Qxf7+
{[%clk 0:12:59]} Kxf7 {[%clk 0:06:41]} 28. c4 {[%clk 0:11:01]} b4
{[%clk 0:06:57]} 29. Bc5 {[%clk 0:11:03]} g4 {[%clk 0:07:13]} 30. Bxb4
{[%clk 0:10:46]} Bb6 {[%clk 0:06:50]} 31. c5 {[%clk 0:10:07]} Bd8
{[%clk 0:06:52]} 32. Rxg8 {[%clk 0:10:00]} Kxg8 {[%clk 0:07:12]} 33. Bg2
{[%clk 0:10:09]} Bg5+ {[%clk 0:07:11]} 34. Bd2 {[%clk 0:10:24]} Be7
{[%clk 0:07:00]} 35. b4 1-0

[Event "PPA"]
[Site "?"]
[Date "2014.06.21"]
[Round "3.4"]
[White "Czyz, Artur"]
[Black "Bes, Michal"]
[Result "0-1"]
[LiveChessVersion "1.4.2"]
[BlackElo "1961"]
[WhiteElo "1992"]

1. e4 {[%clk 1:00:55]} a6 {[%clk 0:56:05]} 2. Nf3 {[%clk 1:00:44]} e6
{[%clk 0:56:08]} 3. g3 {[%clk 0:59:24]} b5 {[%clk 0:55:27]} 4. Bg2
{[%clk 0:59:30]} Bb7 {[%clk 0:55:48]} 5. d3 {[%clk 0:59:27]} c5 {[%clk 0:54:29]}
6. O-O {[%clk 0:59:33]} Nc6 {[%clk 0:54:56]} 7. Nbd2 {[%clk 0:59:49]} Qc7
{[%clk 0:54:13]} 8. Re1 {[%clk 0:59:53]} d6 {[%clk 0:54:31]} 9. c3
{[%clk 0:59:32]} Nf6 {[%clk 0:53:36]} 10. Nf1 {[%clk 0:56:36]} Be7
{[%clk 0:53:58]} 11. Be3 {[%clk 0:53:55]} O-O {[%clk 0:54:18]} 12. h4
{[%clk 0:54:01]} Ng4 {[%clk 0:47:24]} 13. Bc1 {[%clk 0:51:55]} Rfd8
{[%clk 0:43:13]} 14. Ng5 {[%clk 0:51:28]} Nf6 {[%clk 0:39:06]} 15. Qe2
{[%clk 0:49:20]} h6 {[%clk 0:38:29]} 16. Nf3 {[%clk 0:48:36]} Ne5
{[%clk 0:38:56]} 17. N1h2 {[%clk 0:46:14]} Rac8 {[%clk 0:34:52]} 18. Bd2
{[%clk 0:42:21]} c4 {[%clk 0:34:33]} 19. Nxe5 {[%clk 0:40:49]} dxe5
{[%clk 0:34:57]} 20. d4 {[%clk 0:38:56]} exd4 {[%clk 0:35:01]} 21. cxd4
{[%clk 0:39:10]} Rxd4 {[%clk 0:35:04]} 22. Bc3 {[%clk 0:39:15]} Rd7
{[%clk 0:34:58]} 23. Ng4 {[%clk 0:39:06]} b4 {[%clk 0:28:50]} 24. Bxf6
{[%clk 0:37:47]} Bxf6 {[%clk 0:29:12]} 25. Nxf6+ {[%clk 0:38:03]} gxf6
{[%clk 0:29:38]} 26. Rac1 {[%clk 0:29:42]} c3 {[%clk 0:29:31]} 27. bxc3
{[%clk 0:29:18]} bxc3 {[%clk 0:29:55]} 28. Red1 {[%clk 0:26:17]} Rxd1+
{[%clk 0:22:17]} 29. Qxd1 {[%clk 0:25:52]} c2 {[%clk 0:20:51]} 30. Qh5
{[%clk 0:23:27]} Kg7 {[%clk 0:20:48]} 31. Qg4+ {[%clk 0:23:22]} Kh7
{[%clk 0:21:08]} 32. Qh5 {[%clk 0:20:38]} Qe7 {[%clk 0:18:44]} 33. Kh2
{[%clk 0:18:43]} Rc5 {[%clk 0:18:54]} 34. Qe2 {[%clk 0:18:47]} Qc7
{[%clk 0:18:59]} 35. Qd2 {[%clk 0:15:45]} Qc6 {[%clk 0:17:22]} 36. Bf1
{[%clk 0:12:36]} f5 {[%clk 0:14:00]} 37. f3 {[%clk 0:13:02]} fxe4
{[%clk 0:13:33]} 38. fxe4 {[%clk 0:13:10]} f5 {[%clk 0:11:41]} 39. Bd3
{[%clk 0:08:53]} fxe4 {[%clk 0:11:48]} 40. Bxe4+ {[%clk 0:09:04]} Qxe4
{[%clk 0:12:06]} 41. Qd7+ {[%clk 0:09:29]} Kg6 {[%clk 0:11:54]} 42. Qe8+
{[%clk 0:09:33]} Kf5 {[%clk 0:08:02]} 43. Rf1+ {[%clk 0:02:07]} Kg4
{[%clk 0:05:00]} 44. Qg8+ {[%clk 0:00:36]} Rg5 {[%clk 0:05:17]} 45. Rf4+
{[%clk 0:00:33]} Qxf4 {[%clk 0:05:31]} 46. Qxe6+ {[%clk 0:00:55]} Qf5
{[%clk 0:04:49]} 47. Qc4+ {[%clk 0:00:38]} 0-1

[Event "PPA"]
[Site "?"]
[Date "2014.06.21"]
[Round "3.5"]
[White "Pietraszko, Jakub"]
[Black "Ostrowska, Dominika"]
[Result "0-1"]
[LiveChessVersion "1.4.2"]
[BlackElo "1980"]
[WhiteElo "1627"]

1. d4 {[%clk 1:00:59]} d5 {[%clk 1:00:56]} 2. Nc3 {[%clk 1:01:25]} Nf6
{[%clk 1:00:28]} 3. Bg5 {[%clk 1:01:49]} Bf5 {[%clk 1:00:02]} 4. Bxf6
{[%clk 1:01:29]} exf6 {[%clk 1:00:16]} 5. e3 {[%clk 1:01:21]} c6 {[%clk 0:55:53]}
6. Bd3 {[%clk 1:01:07]} Qd7 {[%clk 0:54:14]} 7. Nge2 {[%clk 1:01:14]} Bd6
{[%clk 0:54:10]} 8. e4 {[%clk 1:00:40]} dxe4 {[%clk 0:52:45]} 9. Nxe4
{[%clk 1:00:52]} Bxe4 {[%clk 0:52:59]} 10. Bxe4 {[%clk 1:01:13]} f5
{[%clk 0:50:30]} 11. Bd3 {[%clk 1:00:29]} O-O {[%clk 0:50:20]} 12. Qd2
{[%clk 1:00:14]} c5 {[%clk 0:47:48]} 13. d5 {[%clk 0:58:23]} Be5 {[%clk 0:43:10]}
14. c4 {[%clk 0:55:40]} g6 {[%clk 0:40:43]} 15. O-O {[%clk 0:54:15]} Qd6
{[%clk 0:38:39]} 16. f4 {[%clk 0:54:28]} Bg7 {[%clk 0:38:32]} 17. Rae1
{[%clk 0:54:29]} Nd7 {[%clk 0:38:56]} 18. Kh1 {[%clk 0:51:43]} Rfe8
{[%clk 0:38:39]} 19. Ng1 {[%clk 0:50:25]} Bh6 {[%clk 0:38:29]} 20. Qf2
{[%clk 0:50:04]} Rxe1 {[%clk 0:38:07]} 21. Rxe1 {[%clk 0:49:14]} Bxf4
{[%clk 0:38:25]} 22. Nf3 {[%clk 0:48:18]} Nf6 {[%clk 0:36:22]} 23. Qh4
{[%clk 0:44:56]} Ng4 {[%clk 0:34:32]} 24. Re2 {[%clk 0:42:22]} h6
{[%clk 0:27:13]} 25. g3 {[%clk 0:36:27]} Bc1 {[%clk 0:23:46]} 26. h3
{[%clk 0:32:16]} g5 {[%clk 0:22:57]} 27. Qh5 {[%clk 0:28:39]} Qxg3
{[%clk 0:23:19]} 28. hxg4 {[%clk 0:25:40]} Qxf3+ {[%clk 0:22:44]} 29. Rg2
{[%clk 0:25:09]} Qxd3 {[%clk 0:22:41]} 30. Qxh6 {[%clk 0:23:33]} Qf1+
{[%clk 0:22:21]} 31. Rg1 {[%clk 0:23:41]} Qf3+ {[%clk 0:22:48]} 32. Rg2
{[%clk 0:23:56]} Re8 {[%clk 0:22:55]} 0-1

[Event "PPA"]
[Site "?"]
[Date "2014.06.21"]
[Round "3.6"]
[White "Krokay, Urszula"]
[Black "Gabuza, Anatolii"]
[Result "0-1"]
[LiveChessVersion "1.4.2"]
[BlackElo "1616"]
[WhiteElo "1961"]

1. e4 {[%clk 1:00:58]} c5 {[%clk 0:59:00]} 2. Nf3 {[%clk 1:01:23]} Nc6
{[%clk 0:59:24]} 3. d4 {[%clk 1:01:37]} cxd4 {[%clk 0:59:50]} 4. Nxd4
{[%clk 1:02:04]} Nf6 {[%clk 1:00:11]} 5. Nc3 {[%clk 1:02:26]} g6 {[%clk 1:00:31]}
6. Be2 {[%clk 1:02:23]} Bg7 {[%clk 1:00:41]} 7. Be3 {[%clk 1:02:46]} O-O
{[%clk 0:58:54]} 8. O-O {[%clk 1:03:02]} d5 {[%clk 0:58:03]} 9. Nxc6
{[%clk 0:53:30]} bxc6 {[%clk 0:58:30]} 10. e5 {[%clk 0:53:42]} Nd7
{[%clk 0:53:16]} 11. f4 {[%clk 0:53:56]} e6 {[%clk 0:52:54]} 12. Na4
{[%clk 0:52:19]} Qa5 {[%clk 0:40:03]} 13. c4 {[%clk 0:49:21]} Nb6
{[%clk 0:29:07]} 14. Nc5 {[%clk 0:46:12]} dxc4 {[%clk 0:23:18]} 15. Qc1
{[%clk 0:38:18]} Nd5 {[%clk 0:19:45]} 16. Bxc4 {[%clk 0:37:46]} Rd8
{[%clk 0:14:06]} 17. a3 {[%clk 0:31:46]} Bf8 {[%clk 0:07:49]} 18. b4
{[%clk 0:30:21]} Qc7 {[%clk 0:07:40]} 19. Bf2 {[%clk 0:29:52]} a5
{[%clk 0:04:26]} 20. Rb1 {[%clk 0:25:54]} axb4 {[%clk 0:03:23]} 21. axb4
{[%clk 0:26:19]} Rb8 {[%clk 0:03:24]} 22. Qe1 {[%clk 0:17:45]} Bh6
{[%clk 0:02:19]} 23. Bh4 {[%clk 0:17:10]} Nxf4 {[%clk 0:01:50]} 24. Bxd8
{[%clk 0:16:54]} Qxd8 {[%clk 0:02:14]} 25. Qf2 {[%clk 0:16:13]} Qe7
{[%clk 0:02:06]} 26. Ne4 {[%clk 0:14:43]} Nd5 {[%clk 0:01:36]} 27. Bxd5
{[%clk 0:14:25]} exd5 {[%clk 0:01:58]} 28. Nd6 {[%clk 0:12:28]} Be6
{[%clk 0:02:07]} 29. Rb3 {[%clk 0:11:31]} d4 {[%clk 0:01:55]} 30. Qc2
{[%clk 0:09:27]} Bxb3 {[%clk 0:01:51]} 31. Qxb3 {[%clk 0:09:53]} Qxe5
{[%clk 0:01:28]} 32. Qxf7+ {[%clk 0:07:52]} Kh8 {[%clk 0:01:57]} 33. Qc7
{[%clk 0:07:40]} Qe3+ {[%clk 0:01:20]} 34. Kh1 {[%clk 0:08:08]} Rf8
{[%clk 0:01:01]} 35. Nf7+ {[%clk 0:03:11]} Kg8 {[%clk 0:01:30]} 36. Qa7
{[%clk 0:02:15]} Bg7 {[%clk 0:00:58]} 37. h4 {[%clk 0:01:00]} Qe6
{[%clk 0:00:57]} 38. Rc1 {[%clk 0:00:45]} Rxf7 {[%clk 0:01:10]} 39. Qa8+
{[%clk 0:00:53]} Rf8 {[%clk 0:01:29]} 40. Qxc6 {[%clk 0:01:09]} Qxc6
{[%clk 0:01:52]} 41. Rxc6 {[%clk 0:01:38]} Rb8 {[%clk 0:02:14]} 42. Rc4
{[%clk 0:02:02]} d3 {[%clk 0:02:21]} 0-1